تحميل...

നളചരിതം: ആട്ടക്കഥ /

التفاصيل البيبلوغرافية
المؤلف الرئيسي: ഉണ്ണായി വാരിയർ
مؤلفون آخرون: Unnayi Warier
التنسيق: Printed Book
منشور في: Thrissur: Kerala Sahitya Akademi, 1991.
الموضوعات:
LEADER 00547cam a2200145ua 4500
082 |a M894.812 13  |b UNN/N 
100 0 |a ഉണ്ണായി വാരിയർ  
245 0 0 |a നളചരിതം: ആട്ടക്കഥ /  
260 |a Thrissur:  |b Kerala Sahitya Akademi,  |c 1991. 
300 |a 276p. 
650 0 |a Nalacharitham :Moonam divasam  |a Attakkatha 
700 |a Unnayi Warier 
942 |c BK 
999 |c 10195  |d 10195 
952 |0 0  |1 0  |4 0  |6 M_894_812000000000000_13_UNN  |7 0  |9 10627  |a KUCL  |b KUCL  |d 2014-05-23  |l 0  |o M894.812 13 UNN/  |p 12054  |r 2014-05-23  |w 2014-05-23  |y BK